HOUSEKEEPING MANAGEMENT (Record no. 28599)

MARC details
000 -LEADER
fixed length control field 00352nam a22001577a 4500
003 - CONTROL NUMBER IDENTIFIER
control field SGT
020 ## - INTERNATIONAL STANDARD BOOK NUMBER
International Standard Book Number 81-8204-023-X
082 ## - DEWEY DECIMAL CLASSIFICATION NUMBER
Classification number 647.954
Item number AGG
100 ## - MAIN ENTRY--PERSONAL NAME
Personal name AGGARWAL, DR. D.K.
245 ## - TITLE STATEMENT
Title HOUSEKEEPING MANAGEMENT
250 ## - EDITION STATEMENT
Edition statement 1ST
260 ## - PUBLICATION, DISTRIBUTION, ETC. (IMPRINT)
Place of publication, distribution, etc DELHI
Name of publisher, distributor, etc AMAN PUB.
Year of Publication 2022
300 ## - PAGE DESCRIPTION
No. of Pages 264
650 ## - SUBJECT ADDED ENTRY--TOPICAL TERM
Topical term or geographic name as entry element HOUSEKEEPING MANAGEMENT
942 ## - ADDED ENTRY ELEMENTS (KOHA)
Source of classification or shelving scheme Dewey Decimal Classification
Koha item type Books
Holdings
Withdrawn status Lost status Source of classification or shelving scheme Damaged status Not for loan Collection code Home library Current library Shelving location Date acquired Vendor Name Cost, normal purchase price SGTU Bill Number Total Checkouts Full call number Accession No. (Barcode) Date last seen Bill Date Koha item type
    Dewey Decimal Classification     HOTEL MANAGEMENT SGT Science & Social Sciences Library SGT Science & Social Sciences Library Text Book 31/12/2024 BIRJWASI 750.00 SGTU BWHM00093   647.954 AGG HM1376 31/12/2024   Books
    Dewey Decimal Classification     HOTEL MANAGEMENT SGT Science & Social Sciences Library SGT Science & Social Sciences Library Text Book 31/12/2024 BIRJWASI 750.00 SGTU BWHM00093   647.954 AGG HM1377 31/12/2024   Books
    Dewey Decimal Classification     HOTEL MANAGEMENT SGT Science & Social Sciences Library SGT Science & Social Sciences Library Text Book 31/12/2024 BIRJWASI 750.00 SGTU BWHM00093   647.954 AGG HM1378 31/12/2024   Books